Logo CIB grande

Transportation (Registro nro. 237582)

Detalles MARC
000 -LEADER
campo de control de longitud fija 00698nam a2200241Ia 4500
005 - FECHA Y HORA DE LA ÚLTIMA TRANSACCIÓN
campo de control 20250425162837.0
008 - DATOS DE LONGITUD FIJA--INFORMACIÓN GENERAL
campo de control de longitud fija 250425s9999 xx 000 0 und d
020 ## - NÚMERO INTERNACIONAL ESTÁNDAR DEL LIBRO
Número Internacional Estándar del Libro 9781337406642
041 ## - CÓDIGO DE IDIOMA
Código de lengua del texto/banda sonora o título independiente eng
082 ## - NÚMERO DE LA CLASIFICACIÓN DECIMAL DEWEY
Número de clasificación 388
Iniciales del Autor NOV
010 ## - NÚMERO DE CONTROL DE LA BIBLIOTECA DEL CONGRESO
Número de control de LC 112447
100 ## - ENTRADA PRINCIPAL--NOMBRE DE PERSONA
Nombre de persona Novack, Robert A.
245 #0 - MENCIÓN DEL TÍTULO
Título Transportation
Resto del título a global supply chain perspective
Mención de responsabilidad, etc. Robert A. Novack, Brian J. Gibson, Yoshinori Suzuki, John J. Coyle
250 ## - MENCION DE EDICION
Mención de edición 9th ed.
260 ## - PUBLICACIÓN, DISTRIBUCIÓN, ETC.
Lugar de publicación, distribución, etc. Boston
Nombre del editor, distribuidor, etc. Cengage
Fecha de publicación, distribución, etc. 2019
300 ## - DESCRIPCIÓN FÍSICA
Extensión 491 páginas
650 ## - PUNTO DE ACCESO ADICIONAL DE MATERIA--TÉRMINO DE MATERIA
Término de materia o nombre geográfico como elemento de entrada Logística empresarial
650 ## - PUNTO DE ACCESO ADICIONAL DE MATERIA--TÉRMINO DE MATERIA
Término de materia o nombre geográfico como elemento de entrada Transporte-Gestión
700 ## - ENTRADA AGREGADA--NOMBRE PERSONAL
Nombre de persona Coyle, John J Coyle
700 ## - ENTRADA AGREGADA--NOMBRE PERSONAL
Nombre de persona Gibson, Brian J.
700 ## - ENTRADA AGREGADA--NOMBRE PERSONAL
Nombre de persona Suzuki, Yoshinori
942 ## - ELEMENTOS DE ENTRADA SECUNDARIOS (KOHA)
Tipo de ítem Koha Libros
Existencias
Estatus retirado Estado de pérdida Estado de daño No para préstamo Biblioteca de origen Biblioteca actual Fecha de adquisición Coste, precio normal de compra Etiqueta RFID Total de préstamos Código de barras Copia número Tipo de ítem Koha
        CENTRO DE INFORMACIÓN BIBLIOTECARIA CENTRO DE INFORMACIÓN BIBLIOTECARIA 18/10/2022 342.00 0000000000000000035934   80813 1 Libros

Copyright 2025 ESPOL. Todos los derechos reservados.